[Event "Queens-ch"]
[Site "Jamaica"]
[Date "2006.10.06"]
[Round "1"]
[White "Milerski, Henry"]
[Black "Phanstiel, Jonathan"]
[Result "0-1"]
[WhiteElo "1400"]
[BlackElo "1741"]
[PlyCount "104"]
[EventDate "2006.02.26"]
[EventType "swiss"]
[EventRounds "7"]
[EventCountry "USA"]
[SourceTitle "EXT 2008"]
[Source "ChessBase"]
[SourceDate "2007.11.25"]
[SourceVersion "1"]
[SourceVersionDate "2007.11.25"]
[SourceQuality "1"]

1. Nf3 Nf6 2. g3 b6 3. Bg2 Bb7 4. 0-0 e6 5. d3 d5 6. c4 Be7 7. b3 Nbd7 8. Bb2 0-0 9. Nbd2 c5 10. e3 Rc8 11. d4 Rc7 12. dxc5 Bxc5 13. a3 a5 14. Bc3 Qe7 15. a4 Rfc8 16. Nd4 Ba6 17. Re1 Bd6 18. Nb1 dxc4 19. Nb5 Bxb5 20. axb5 cxb3 21. Bc6 Nc5 22. Nd2 a4 23. Nc4 Rxc6 24. bxc6 Rxc6 25. Re2 Nd5 26. Bb2 b5 27. Nxd6 Rxd6 28. Rd2 h6 29. Rc1 Ne4 30. Qg4 Ndf6 31. Bxf6 Nxf6 32. Qb4 Ne8 33. Rc8 Rd7 34. Qxe7 Rxe7 35. Rb8 a3 36. Rxb5 b2 37. Rd1 Rc7 38. Kg2 Rc1 39. Rd3 b1Q 40. Rxb1 Rxb1 41. Rxa3 Nf6 42. Kf3 g5 43. Ra4 Nd5 44. Ra3 Rb2 45. h4 gxh4 46. gxh4 Kg7 47. h5 Rb4 48. Ra1 Rc4 49. Rg1+ Kf6 50. Rg4 Rxg4 51. Kxg4 Kg7 52. e4 Nf6+ 0-1